Barcelona recobra su pulso /
Descripción Física:
Il·lustracions
Colección:
San Jorge,
; núm. 18 (abril 1955), pàg 30-35
Idioma:
Español
MARC
| LEADER | 00000naa a2200000 a 4500 | ||
|---|---|---|---|
| 003 | Arxiu | ||
| 005 | 20260324181044.0 | ||
| 008 | 160829s1955 s`caxx s spa c | ||
| 040 | |a AGDB | ||
| 100 | 1 | |a Luján, Néstor, |d 1922-1995 |9 25894 | |
| 245 | 1 | 0 | |a Barcelona recobra su pulso / |c por Néstor Luján |
| 300 | |b Il·lustracions | ||
| 490 | |a San Jorge, |v núm. 18 (abril 1955), pàg 30-35 | ||
| 500 | |a Fotografies: J. Léonard, F. Catalá-Roca, R. Dimas | ||
| 590 | |a Conté 8 fotografies | ||
| 651 | 0 | |a Barcelona (Catalunya) |x Vida social i costums |y S. XX |9 52686 | |
| 700 | 1 | |9 55136 |a Léonard, Jacques, |d 1909-1995 |e fotografies | |
| 700 | 1 | |9 26722 |a Català-Roca, Francesc, |d 1922-1998 |e fotografies | |
| 700 | 1 | |9 54761 |a Dimas, Ramón |e fotografies | |
| 773 | |g Núm. 18 (abril 1955), pàg 30-35 |t San Jorge. | ||
| 901 | |a Arxiu | ||
| 942 | |n 1 |2 udc |c ART | ||
| 952 | |0 0 |1 0 |4 0 |6 REV510 |7 1 |9 65125 |a Arxiu |b Arxiu |d 2023-01-25 |l 0 |o Rev-510 |r 2023-01-25 00:00:00 |w 2023-01-25 |y ARXIU |z També disponible a Rev-524 | ||
| 999 | |c 50081 |d 50081 | ||